000 00448nam a2200157Ia 4500
008 240729s9999 xx 000 0 und d
022 _a2282-717X
245 0 _aJournal of Financial Management, Markets and Institutions
260 _aSingapore
260 _bWorld Scientific Publishing
650 _a Finance
650 _aSocial Sciences
856 _uhttps://doaj.org/toc/1b83d0d909e84cb08225200bd8ca7d55
942 _2ddc
942 _cDOAJEJ
999 _c66095
_d66095
945 _a1
_bMadushi Gamage
_c1
_dMadushi Gamage